Epigenetic control of centromere behavior /
محفوظ في:
| المؤلف الرئيسي: | |
|---|---|
| التنسيق: | مقال |
| اللغة: | English |
| الموضوعات: | |
| الوسوم: |
إضافة وسم
لا توجد وسوم, كن أول من يضع وسما على هذه التسجيلة!
|
| Thư viện lưu trữ: | Thư viện Trường Đại học Đà Lạt |
|---|
| LEADER | 00783nam a2200289 4500 | ||
|---|---|---|---|
| 001 | DLU090067055 | ||
| 005 | ##20090424 | ||
| 040 | # | # | |a DLU |b eng |
| 041 | # | # | |a eng |
| 044 | # | # | |a US |
| 100 | # | # | |a Ekwall, Karl. |
| 245 | # | # | |a Epigenetic control of centromere behavior / |c Karl Ekwall. |
| 653 | # | # | |a Centromere |
| 653 | # | # | |a Epigenetics |
| 653 | # | # | |a Histone modification |
| 653 | # | # | |a Histone variant |
| 653 | # | # | |a Kinetochore |
| 773 | # | # | |t Annual Review of Genetics |g Vol. 41 (2007), p. 63-81 |
| 920 | # | # | |a Phòng Tạp chí -- Trung tâm Thông tin - Thư viện Trường Đại học Đà Lạt |
| 994 | # | # | |a DLU |
| 900 | # | # | |a True |
| 911 | # | # | |a Trương Bảo Trâm Anh |
| 925 | # | # | |a G |
| 926 | # | # | |a A |
| 927 | # | # | |a BB |
| 980 | # | # | |a Thư viện Trường Đại học Đà Lạt |